00468nam a2200169Ia 4500003000400000005001700004008004100021040000700062041000800069082001600077100004200093245007200135260002900207300001100236650002900247650002200276OSt20230531114648.0210423s2014 xx 000 0 und d cAL aeng a323.34 GAFC aGAFFAR (Shabastian);PADALATH (Junais) aConstitutional rights of women in India and Islamic rights of women aNew DelhibAICWETEc2014 a38bPB aCivil & Political Rights aPolitical Science